| 000 | 00519nam a2200181Ia 4500 | ||
|---|---|---|---|
| 008 | 151202s9999||||xx |||||||||||||| ||und|| | ||
| 082 | _bPNVM-62031 | ||
| 100 | _aमेंगजी अशोक. | ||
| 245 | _aजयंती. | ||
| 260 | _bशांती पब्ेिकशन पुणे. | ||
| 260 | _c62031 | ||
| 300 | _a160 | ||
| 600 | _aमेंगजी अशोक. | ||
| 630 | _aजयंती. | ||
| 700 | _aमेंगजी अशोक. | ||
| 730 | _aजयंती. | ||
| 942 | _cBOOK | ||
| 999 |
_c1328565 _d1328562 |
||